000 00329nam a2200145Ia 4500
008 230917s9999||||xx |||||||||||||| ||und||
040 _e199064
_aMAIN
041 _aEnglish
082 _a869.3 C65A
100 _aCoelho, Paulo
245 0 _aAleph
260 _aLondon
_bHarper Collins
_c2011
300 _a300 p.
942 _cBK
999 _c160507
_d160507